书目信息 |
| 书名: | Ya?nomamo? | |
| 作者: | Napoleon A. Chagnon. | |
| 分册号: | ||
| 分册名: | 出版地: | Fort Worth : |
|
| 出版社: | Harcourt Brace College Publishers | |
| 出版时间: | c1992. | |
| 页数: | xxi, 266 p. : | |
| 开本: | 24 cm. | |
| 丛书名: | Case studies in cultural anthropology | |
| 中图分类号: | ||
| 科图分类号: | ||
| 其他分类号: | C912.4 | |
| 主题词: | ||
| 电子资源: | ||
| 000 | 01026nam a22003135a 450 | |
| 001 | E0759268521 | |
| 005 | 20070517162951.56 | |
| 008 | 981006s1992 txuab 000 0 eng | |
| 010 | @a92071648 | |
| 020 | @a0030328195. | |
| 035 | @A(DLC) 92071648 | |
| 040 | @aDLC@cDLC | |
| 043 | @as-bl---@as-ve--- | |
| 090 | @aC912.4 | |
| 097 | 00 | @aF2520.1.Y3@bC5 1997 |
| 099 | @dC912.4@ex203=4 | |
| 100 | 1 | @aChagnon, Napoleon A.,@d1938- |
| 245 | 10 | @aYa?nomamo? / @cNapoleon A. Chagnon. |
| 250 | @a4th ed. | |
| 260 | @aFort Worth :@bHarcourt Brace College Publishers,@cc1992. | |
| 300 | @axxi, 266 p. :@bill., maps ;@c24 cm. | |
| 440 | 0 | @aCase studies in cultural anthropology |
| 504 | @aFilmography: p. 270-272. | |
| 504 | @aIncludes bibliographical references (p. 263-269) and index. | |
| 650 | 0 | @aYanomamo Indians. |
| 906 | @a0@bibc@corignew@d2@eopcn@f19@gy-gencatlg | |
| 920 | @aDiscarded per Selection Officer. | |
| 922 | @aco | |
| 955 | @apb05 to hlcd 10-06-98; sf00 10-26-98; sf13 to Sel. Off. 10-27-98 | |
| Ya?nomamo? / / Napoleon A. Chagnon.-4th ed.-Fort Worth : : Harcourt Brace College Publishers, , c1992. |
| xxi, 266 p. : : ill., maps ; ; 24 cm.- (Case studies in cultural anthropology ) |
| Filmography: p. 270-272.-Includes bibliographical references (p. 263-269) and index. |
| ISBN 0030328195. |
| ● |
| 相关链接 |
|
|
|
|
正题名:Ya?nomamo?
索取号:C912.4/x203=4
 
预约/预借
| 序号 | 登录号 | 条形码 | 馆藏地/架位号 | 状态 | 备注 |
| 1 | 10463 | 300104633 | 第二样本阅览室/ [索取号:C912.4/x203=4] | 在馆 | |
| 2 | 10464 | 300104642 | 第四借阅区/ [索取号:C912.4/x203=4] | 在馆 |